[Event "CN Equipas 2019 - 1. div"]
[Site "Évora POR"]
[Date "2019.07.22"]
[Round "6.3.4"]
[White "Sousa, André V"]
[Black "Paiva, Henrique"]
[Result "1-0"]
[WhiteElo "2362"]
[BlackElo "2122"]
[WhiteFideId "1917617"]
[BlackFideId "1920995"]
[WhiteTeam "Ax Gaia 'A'"]
[BlackTeam "Ex Porto 'A'"]
[WhiteTitle "IM"]
[BlackTitle "NM"]
[PlyCount "125"]

1. Nf3 d5 2. b3 Nf6 3. Bb2 Bf5 4. g3 c6 5. Bg2 e6 6. d3 h6 7. O-O Be7 8. Nbd2
O-O 9. Re1 Nbd7 10. e4 dxe4 11. dxe4 Bh7 12. e5 Nd5 13. a3 a5 14. Ne4 Qc7 15.
Qe2 Rad8 16. Rad1 Nc5 17. Nfd2 Nb6 18. Nxc5 Bxc5 19. Ne4 Bxe4 20. Bxe4 Qe7 21.
Bd3 Bxa3 22. Bxa3 Qxa3 23. Qe4 g6 24. Qe3 Qb4 25. Qxh6 Qg4 26. Ra1 Rd4 27. h3
Qh5 28. Qxh5 gxh5 29. Rxa5 h4 30. gxh4 Rxh4 31. Kh2 Rd8 32. Ra7 Rd7 33. Be4 Kf8
34. Kg3 Rh6 35. c4 Ke7 36. Re3 f5 37. exf6+ Kxf6 38. Bf3 Rg7+ 39. Bg4 Re7 40.
Rd3 Rh8 41. h4 Rg8 42. Rf3+ Ke5 43. Rf4 Kd6 44. Ra5 Nd7 45. Rd4+ Kc7 46. Rg5 Rf8
47. h5 Nf6 48. Re5 Rg7 49. f3 b6 50. Kh4 Nxg4 51. fxg4 Rf1 52. Re3 c5 53. Rde4
Kd7 54. Rh3 Ke7 55. g5 Kf7 56. h6 Rg6 57. Kh5 Rf5 58. Rg3 Rg8 59. Ree3 Ke7 60.
h7 Rd8 61. Rgf3 Kf7 62. Kh6 Rd4 63. g6+ 1-0

[Event "CN Equipas 2019 - 1. div"]
[Site "Évora POR"]
[Date "2019.07.22"]
[Round "6.4.1"]
[White "Fier, Alexandr"]
[Black "Galego, Luís"]
[Result "1/2-1/2"]
[WhiteElo "2547"]
[BlackElo "2513"]
[WhiteFideId "2107139"]
[BlackFideId "1900072"]
[WhiteTeam "Ax Portugal/Atlantidiagonal 'A'"]
[BlackTeam "Assembleia Figueirense"]
[WhiteTitle "GM"]
[BlackTitle "GM"]
[PlyCount "31"]

1. e4 c5 2. Nf3 a6 3. Nc3 d6 4. d4 cxd4 5. Nxd4 e6 6. Be3 Nf6 7. g4 d5 8. exd5
Nxd5 9. Nxd5 Qxd5 10. Rg1 Qa5+ 11. Qd2 Qxd2+ 12. Bxd2 e5 13. Nb3 Nc6 14. Bg2 Be6
15. Bc3 O-O-O 16. Be4 1/2-1/2

[Event "CN Equipas 2019 - 1. div"]
[Site "Évora POR"]
[Date "2019.07.22"]
[Round "6.4.3"]
[White "Spraggett, Kevin"]
[Black "Oratovsky, Michael"]
[Result "1-0"]
[WhiteElo "2511"]
[BlackElo "2445"]
[WhiteFideId "2600013"]
[BlackFideId "2802090"]
[WhiteTeam "Ax Portugal/Atlantidiagonal 'A'"]
[BlackTeam "Assembleia Figueirense"]
[WhiteTitle "GM"]
[BlackTitle "GM"]
[PlyCount "77"]

1. d4 Nf6 2. Nf3 g6 3. c4 d6 4. Nc3 Nbd7 5. e4 e5 6. Be2 Bg7 7. O-O O-O 8. Re1
Re8 9. d5 a5 10. Bf1 Nc5 11. b3 Bd7 12. Rb1 Ng4 13. h3 Nh6 14. Nd2 f5 15. a3 Rf8
16. b4 axb4 17. axb4 Na4 18. Qb3 Nf7 19. Nxa4 Bxa4 20. Qc3 Bd7 21. c5 Ng5 22. c6
Bc8 23. cxb7 Bxb7 24. Qc4 Qf6 25. f3 Bc8 26. Rb3 Ra1 27. Qc3 Ra2 28. Rb2 Rxb2
29. Bxb2 Bh6 30. Bc1 Nxh3+ 31. gxh3 Qh4 32. Re2 fxe4 33. Nxe4 Bxc1 34. Qxc1 Rxf3
35. Bg2 Rb3 36. Rf2 Bf5 37. Qxc7 Rxb4 38. Nxd6 Rb1+ 39. Kh2 1-0

[Event "CN Equipas 2019 - 1. div"]
[Site "Évora POR"]
[Date "2019.07.22"]
[Round "6.4.4"]
[White "Vasallo, Mauricio"]
[Black "Fernandes, António"]
[Result "1/2-1/2"]
[WhiteElo "2380"]
[BlackElo "2376"]
[WhiteFideId "101648"]
[BlackFideId "1900021"]
[WhiteTeam "Assembleia Figueirense"]
[BlackTeam "Ax Portugal/Atlantidiagonal 'A'"]
[WhiteTitle "IM"]
[BlackTitle "GM"]
[PlyCount "92"]

1. d4 Nf6 2. c4 c6 3. Nc3 d5 4. cxd5 cxd5 5. Bf4 e6 6. e3 a6 7. Bd3 Bd6 8. Bxd6
Qxd6 9. f4 Nbd7 10. Nf3 b5 11. O-O Bb7 12. Ne5 O-O 13. a4 b4 14. Nb1 a5 15. Nd2
Nb6 16. Nb3 Ne4 17. Bb5 Ba6 18. Bxa6 Rxa6 19. Qe2 Raa8 20. Rfc1 Rfc8 21. Rxc8+
Rxc8 22. Nxa5 Nxa4 23. Nd3 Nb6 24. Nb3 Nc4 25. Ndc5 Nxc5 26. Nxc5 g6 27. b3 Na3
28. h3 Qc6 29. Qd2 Kg7 30. Rc1 Qb6 31. Kh2 Rc7 32. Na4 Qd6 33. Rxc7 Qxc7 34.
Qxb4 Qc1 35. Qc3 Qd1 36. Nb2 Qe2 37. b4 Nb1 38. Qc7 Qxb2 39. Qe5+ Kg8 40. Qb8+
Kg7 41. Qe5+ f6 42. Qc7+ Kg8 43. Qd8+ Kf7 44. Qd7+ Kf8 45. Qd8+ Kf7 46. Qd7+ Kf8
1/2-1/2

[Event "CN Equipas 2019 - 1. div"]
[Site "Évora POR"]
[Date "2019.07.22"]
[Round "6.5.1"]
[White "Oparin, Grigoriy"]
[Black "Ferreira, Jorge"]
[Result "1-0"]
[WhiteElo "2660"]
[BlackElo "2524"]
[WhiteFideId "24125890"]
[BlackFideId "1910850"]
[WhiteTeam "A.XAT-Montemor-o-Novo"]
[BlackTeam "Gd Dias Ferreira 'A'"]
[WhiteTitle "GM"]
[BlackTitle "GM"]
[PlyCount "117"]

1. Nf3 Nf6 2. g3 d5 3. Bg2 e6 4. O-O c5 5. c4 dxc4 6. Qa4+ Bd7 7. Qxc4 Bc6 8.
Nc3 Nbd7 9. e4 Rc8 10. Qe2 Be7 11. d4 O-O 12. Rd1 cxd4 13. Nxd4 e5 14. Nf5 g6
15. Nxe7+ Qxe7 16. Bg5 Nc5 17. Qf3 Kg7 18. Qe3 Rfd8 19. Bxf6+ Kxf6 20. Bh3 Ra8
21. b4 Na4 22. Rxd8 Rxd8 23. b5 Nxc3 24. bxc6 Nb5 25. Qh6 Qf8 26. Qxf8 Rxf8 27.
a4 Nd6 28. c7 Ke7 29. Rc1 f5 30. g4 Rc8 31. gxf5 gxf5 32. exf5 Kf6 33. Rd1 Ne4
34. Rd7 Nc5 35. Rxh7 Na6 36. Rh6+ Kg5 37. Rg6+ Kh4 38. Bf1 Nxc7 39. Be2 Nd5 40.
Rg4+ Kh3 41. Rg3+ Kh4 42. Rg4+ Kh3 43. f3 Ne3 44. Re4 Rg8+ 45. Kf2 Nxf5 46. Rxe5
Rf8 47. Re4 Rg8 48. Re5 Rf8 49. Bd3 Nh4 50. Be4 Kxh2 51. Rh5 Kh3 52. Bd5 Rf6 53.
Bxb7 Rf8 54. Be4 a5 55. Rh6 Rf4 56. Rh8 Rf6 57. Bb7 Rf4 58. Bc8+ Kh2 59. Bg4 1-0

[Event "CN Equipas 2019 - 1. div"]
[Site "Évora POR"]
[Date "2019.07.22"]
[Round "6.5.2"]
[White "Kantor, Gergely"]
[Black "Perez Candelario, Manuel"]
[Result "1/2-1/2"]
[WhiteElo "2519"]
[BlackElo "2628"]
[WhiteFideId "751499"]
[BlackFideId "2210622"]
[WhiteTeam "Gd Dias Ferreira 'A'"]
[BlackTeam "A.XAT-Montemor-o-Novo"]
[WhiteTitle "IM"]
[BlackTitle "GM"]
[PlyCount "25"]

1. d4 f5 2. g3 Nf6 3. Bg2 g6 4. Nf3 Bg7 5. O-O O-O 6. b3 d6 7. Bb2 c6 8. c4 a5
9. Nc3 Na6 10. Rc1 Ng4 11. h3 Nh6 12. d5 e5 13. dxe6 1/2-1/2

[Event "CN Equipas 2019 - 1. div"]
[Site "Évora POR"]
[Date "2019.07.22"]
[Round "6.5.3"]
[White "Santos Latasa, Jaime"]
[Black "Gukesh D"]
[Result "1/2-1/2"]
[WhiteElo "2594"]
[BlackElo "2520"]
[WhiteFideId "2293307"]
[BlackFideId "46616543"]
[WhiteTeam "A.XAT-Montemor-o-Novo"]
[BlackTeam "Gd Dias Ferreira 'A'"]
[WhiteTitle "GM"]
[BlackTitle "GM"]
[PlyCount "36"]

1. d4 Nf6 2. c4 e6 3. Nc3 d5 4. cxd5 exd5 5. Bg5 Be7 6. e3 O-O 7. Bd3 Nbd7 8.
Nf3 b6 9. O-O Bb7 10. Qa4 a6 11. Ne5 h6 12. Bxf6 Nxf6 13. Nc6 Qd7 14. Nxe7+ Qxe7
15. b4 Ne4 16. Bxe4 dxe4 17. Rac1 a5 18. b5 Rac8 1/2-1/2

[Event "CN Equipas 2019 - 1. div"]
[Site "Évora POR"]
[Date "2019.07.22"]
[Round "6.5.4"]
[White "Martinez, Lelys"]
[Black "Forcén Estebán, Daniel"]
[Result "1/2-1/2"]
[WhiteElo "2535"]
[BlackElo "2566"]
[WhiteFideId "3504727"]
[BlackFideId "2288230"]
[WhiteTeam "Gd Dias Ferreira 'A'"]
[BlackTeam "A.XAT-Montemor-o-Novo"]
[WhiteTitle "GM"]
[BlackTitle "GM"]
[PlyCount "102"]
[EventDate "2019.??.??"]

1. e4 e6 2. d4 d5 3. Nc3 Nf6 4. e5 Nfd7 5. f4 c5 6. Nf3 Be7 7. Be3 O-O 8. Qd2 b6
9. Be2 Nc6 10. O-O f5 11. Nd1 a5 12. c3 a4 13. Bf2 Ba6 14. Bxa6 Rxa6 15. Ne3 b5
16. Kh1 Na5 17. Rg1 Nc4 18. Qe2 Qa5 19. g4 Nxe3 20. Qxe3 b4 21. Bh4 Qd8 22. Bxe7
Qxe7 23. cxb4 cxb4 24. Rac1 Raa8 25. Rc6 Nb8 26. Rd6 Ra6 27. Ng5 Rxd6 28. exd6
Qxd6 29. Nxe6 Rf7 30. gxf5 Nd7 31. Qg3 Qe7 32. Rc1 Rxf5 33. Rc8+ Nf8 34. Rc7 Nd7
35. Qxg7+ Qxg7 36. Nxg7 Kxg7 37. Rxd7+ Kg6 38. Kg2 Rxf4 39. Rxd5 Re4 40. Kf3 Rh4
41. Kg3 Re4 42. Ra5 a3 43. bxa3 Rxd4 44. axb4 Rxb4 45. h4 h5 46. Ra8 Rg4+ 47.
Kh3 Rc4 48. a4 Rc3+ 49. Kg2 Rc4 50. Kg3 Rc3+ 51. Kf4 Rc4+ 1/2-1/2

[Event "CN Equipas 2019 - 1. div"]
[Site "Évora POR"]
[Date "2019.07.22"]
[Round "7.1.1"]
[White "Ferreira, Jorge"]
[Black "Suarez Gomez, Julio"]
[Result "1-0"]
[WhiteElo "2524"]
[BlackElo "2429"]
[WhiteFideId "1910850"]
[BlackFideId "22275991"]
[WhiteTeam "Gd Dias Ferreira 'A'"]
[BlackTeam "O Amanhã da Criança"]
[WhiteTitle "GM"]
[BlackTitle "IM"]
[PlyCount "69"]

1. Nf3 Nf6 2. c4 e6 3. g3 a6 4. Bg2 b5 5. b3 Bb7 6. O-O Be7 7. Bb2 O-O 8. d3 c5
9. Nbd2 Nc6 10. Rc1 Qb6 11. Qc2 Rac8 12. Qb1 d6 13. Rfd1 e5 14. e3 Rfd8 15. d4
exd4 16. exd4 cxd4 17. Nxd4 Ne5 18. Nf5 Rd7 19. c5 Rxc5 20. Rxc5 Qxc5 21. Bxb7
Rxb7 22. Ne4 Qc6 23. Nxf6+ gxf6 24. Bxe5 fxe5 25. Rc1 Qd7 26. Qe4 Bf8 27. Rc6
Kh8 28. Rxa6 Rb8 29. Rc6 Re8 30. Rb6 d5 31. Qg4 Re6 32. Nh6 Bxh6 33. Rb8+ Qe8
34. Rxe8+ Rxe8 35. Qd7 1-0

[Event "CN Equipas 2019 - 1. div"]
[Site "Évora POR"]
[Date "2019.07.22"]
[Round "7.1.2"]
[White "Medarde Santiago, Luis Marcos"]
[Black "Kantor, Gergely"]
[Result "1/2-1/2"]
[WhiteElo "2359"]
[BlackElo "2519"]
[WhiteFideId "2263076"]
[BlackFideId "751499"]
[WhiteTeam "O Amanhã da Criança"]
[BlackTeam "Gd Dias Ferreira 'A'"]
[WhiteTitle "FM"]
[BlackTitle "IM"]
[PlyCount "40"]

1. e4 e5 2. Nf3 Nc6 3. Nc3 Nf6 4. d4 exd4 5. Nxd4 Bb4 6. Nxc6 bxc6 7. Bd3 O-O 8.
O-O d5 9. exd5 cxd5 10. h3 c5 11. Qf3 Be6 12. Rd1 h6 13. Qg3 Kh8 14. a3 Ba5 15.
b4 Bc7 16. Qh4 Ne4 17. Qxd8 Rfxd8 18. Na4 Be5 19. Rb1 c4 20. Bxe4 dxe4 1/2-1/2

[Event "CN Equipas 2019 - 1. div"]
[Site "Évora POR"]
[Date "2019.07.22"]
[Round "7.1.3"]
[White "Gukesh D"]
[Black "Pazos Porta, Antonio"]
[Result "1-0"]
[WhiteElo "2520"]
[BlackElo "2340"]
[WhiteFideId "46616543"]
[BlackFideId "2263190"]
[WhiteTeam "Gd Dias Ferreira 'A'"]
[BlackTeam "O Amanhã da Criança"]
[WhiteTitle "GM"]
[BlackTitle "FM"]
[PlyCount "97"]

1. d4 Nf6 2. c4 g6 3. Nc3 Bg7 4. e4 d6 5. h3 O-O 6. Be3 c6 7. Nf3 a6 8. e5 Ne8
9. Bd3 Nd7 10. e6 fxe6 11. h4 Ndf6 12. Ng5 e5 13. dxe5 dxe5 14. h5 e4 15. Ngxe4
Nxe4 16. Nxe4 Nd6 17. hxg6 hxg6 18. c5 Nxe4 19. Qb3+ Rf7 20. Bxe4 Bf5 21. Bxf5
gxf5 22. O-O f4 23. Bxf4 e5 24. Rad1 Qa5 25. Rd7 Raf8 26. Be3 Qb5 27. Qxb5 axb5
28. Rfd1 e4 29. Rxf7 Rxf7 30. b3 Rf5 31. Rd7 Rf7 32. Rxf7 Kxf7 33. Kh2 Ke6 34.
Kg3 Kf5 35. Kh4 b4 36. Kh5 Bf8 37. g4+ Kf6 38. Bd4+ Ke6 39. g5 Kf5 40. g6 Kf4
41. g7 Bxg7 42. Bxg7 Kf3 43. Bd4 Ke2 44. Kg4 Kd3 45. Be3 Kc2 46. Kf4 Kb2 47.
Kxe4 Kxa2 48. f4 Kxb3 49. f5 1-0

[Event "CN Equipas 2019 - 1. div"]
[Site "Évora POR"]
[Date "2019.07.22"]
[Round "7.1.4"]
[White "Espineira, Diego"]
[Black "Martinez, Lelys"]
[Result "1/2-1/2"]
[WhiteElo "2361"]
[BlackElo "2535"]
[WhiteFideId "2229498"]
[BlackFideId "3504727"]
[WhiteTeam "O Amanhã da Criança"]
[BlackTeam "Gd Dias Ferreira 'A'"]
[WhiteTitle "IM"]
[BlackTitle "GM"]
[PlyCount "89"]
[EventDate "2019.??.??"]

1. e4 c5 2. Nf3 Nc6 3. d4 cxd4 4. Nxd4 Nf6 5. Nc3 d6 6. Nb3 g6 7. Be2 Bg7 8. O-O
O-O 9. Be3 Be6 10. f4 Qc8 11. Bf3 Ng4 12. Bxg4 Bxg4 13. Qd2 Be6 14. Nd4 Bc4 15.
Rf3 b5 16. a3 a6 17. b3 Nxd4 18. Bxd4 e5 19. Be3 exf4 20. Bxf4 Be6 21. Rd3 Rd8
22. Rd1 Qc5+ 23. Kh1 Rac8 24. Nd5 Bxd5 25. Rxd5 Qxc2 26. Qxc2 Rxc2 27. e5 h6 28.
exd6 Rd7 29. h4 f5 30. Bg3 Rc3 31. R1d3 Rxd3 32. Rxd3 g5 33. hxg5 hxg5 34. Rd5
f4 35. Be1 Bf6 36. g3 Kf7 37. gxf4 Ke6 38. Rd1 gxf4 39. Kg2 Be5 40. Bb4 a5 41.
Bxa5 Bxd6 42. Kf3 Rh7 43. Ke4 Rh2 44. Rd2 Rh1 45. Rd3 1/2-1/2

[Event "CN Equipas 2019 - 1. div"]
[Site "Évora POR"]
[Date "2019.07.22"]
[Round "7.2.1"]
[White "Galego, Luís"]
[Black "Oparin, Grigoriy"]
[Result "0-1"]
[WhiteElo "2513"]
[BlackElo "2660"]
[WhiteFideId "1900072"]
[BlackFideId "24125890"]
[WhiteTeam "Assembleia Figueirense"]
[BlackTeam "A.XAT-Montemor-o-Novo"]
[WhiteTitle "GM"]
[BlackTitle "GM"]
[PlyCount "74"]

1. d4 Nf6 2. Nf3 e6 3. g3 d5 4. Bg2 b5 5. O-O Bb7 6. a4 b4 7. Bg5 Be7 8. Nbd2
Nbd7 9. c4 bxc3 10. bxc3 O-O 11. c4 c5 12. Rb1 Bc6 13. Bxf6 Bxf6 14. cxd5 Bxd5
15. e4 Bc6 16. Qc2 Rc8 17. dxc5 Qa5 18. e5 Be7 19. Nb3 Qxa4 20. Ra1 Qb4 21. Rxa7
Nxc5 22. Nbd4 Be4 23. Qd2 Nd3 24. Qe2 Bg6 25. Rfa1 Bc5 26. R7a4 Qb6 27. Rd1 Nb2
28. Ra6 Qxa6 29. Qxa6 Nxd1 30. Qa1 Rb8 31. Nd2 Rfd8 32. Nc6 Rxd2 33. Nxb8 Bxf2+
34. Kh1 Ne3 35. Bf3 Rd1+ 36. Qxd1 Nxd1 37. Kg2 Ba7 0-1

[Event "CN Equipas 2019 - 1. div"]
[Site "Évora POR"]
[Date "2019.07.22"]
[Round "7.2.2"]
[White "Perez Candelario, Manuel"]
[Black "Del Rio Angelis, Salvador"]
[Result "0-1"]
[WhiteElo "2628"]
[BlackElo "2464"]
[WhiteFideId "2210622"]
[BlackFideId "2203138"]
[WhiteTeam "A.XAT-Montemor-o-Novo"]
[BlackTeam "Assembleia Figueirense"]
[WhiteTitle "GM"]
[BlackTitle "GM"]
[PlyCount "118"]

1. e4 c5 2. Nf3 a6 3. g3 g6 4. Bg2 Bg7 5. O-O Nc6 6. c3 e5 7. d4 exd4 8. cxd4
Nxd4 9. Nxd4 Bxd4 10. e5 Ne7 11. Nd2 d5 12. exd6 Qxd6 13. Ne4 Qb6 14. Bg5 Nf5
15. g4 h6 16. Bf4 Nh4 17. Nd6+ Kf8 18. Bh1 Be6 19. Bg3 h5 20. Nxb7 Bxg4 21. Qd3
Nf5 22. Bf4 Re8 23. Qb3 Qxb3 24. axb3 Kg7 25. Rxa6 Be2 26. Ra4 Bxf1 27. Kxf1 Re7
28. Bd2 Rhe8 29. Bf3 Re6 30. b4 cxb4 31. Rxb4 Kg8 32. Na5 Bf6 33. Nc4 Ra6 34.
Ne3 Ra1+ 35. Kg2 Nxe3+ 36. Bxe3 Ra2 37. Bc6 Rc8 38. Bb7 Rb8 39. b3 Ra5 40. Rb6
Bd8 41. Rb4 Be7 42. Rb6 Bc5 43. Bf4 Bxb6 44. Bxb8 Rb5 45. Bg3 Rxb3 46. Bf3 Rc3
47. Bf4 Rc2 48. Bg3 Kg7 49. Be4 Rd2 50. h4 Bc5 51. Kf3 Kf6 52. Bc6 Ke7 53. Bb5
f6 54. Bc6 g5 55. Bb7 g4+ 56. Kg2 f5 57. Bc6 Bd4 58. Bb7 Kf6 59. Bc6 Be5 0-1

[Event "CN Equipas 2019 - 1. div"]
[Site "Évora POR"]
[Date "2019.07.22"]
[Round "7.2.3"]
[White "Oratovsky, Michael"]
[Black "Santos Latasa, Jaime"]
[Result "1/2-1/2"]
[WhiteElo "2445"]
[BlackElo "2594"]
[WhiteFideId "2802090"]
[BlackFideId "2293307"]
[WhiteTeam "Assembleia Figueirense"]
[BlackTeam "A.XAT-Montemor-o-Novo"]
[WhiteTitle "GM"]
[BlackTitle "GM"]
[PlyCount "25"]

1. e4 c5 2. Nf3 Nc6 3. Bb5 Nf6 4. Bxc6 dxc6 5. d3 Qc7 6. b3 e5 7. Bb2 Bd6 8.
Nbd2 b5 9. Nh4 Bg4 10. f3 Be6 11. O-O c4 12. dxc4 bxc4 13. Qe2 1/2-1/2

[Event "CN Equipas 2019 - 1. div"]
[Site "Évora POR"]
[Date "2019.07.22"]
[Round "7.2.4"]
[White "Forcén Estebán, Daniel"]
[Black "Vasallo, Mauricio"]
[Result "1-0"]
[WhiteElo "2566"]
[BlackElo "2380"]
[WhiteFideId "2288230"]
[BlackFideId "101648"]
[WhiteTeam "A.XAT-Montemor-o-Novo"]
[BlackTeam "Assembleia Figueirense"]
[WhiteTitle "GM"]
[BlackTitle "IM"]
[PlyCount "89"]

1. e4 d6 2. d4 Nf6 3. Nc3 e5 4. Nge2 Be7 5. h3 c6 6. g4 b5 7. Ng3 a6 8. Bg2 g6
9. f4 Bb7 10. Be3 Qc7 11. O-O b4 12. Nce2 exd4 13. Qxd4 c5 14. Qd2 Nc6 15. a3 h5
16. g5 Nd7 17. axb4 Nxb4 18. Nc3 Nb6 19. Nd5 N4xd5 20. exd5 h4 21. Nh1 O-O-O 22.
Qd3 Bf8 23. c4 Bg7 24. Bd2 Bd4+ 25. Nf2 Rde8 26. Kh1 Qd7 27. Ne4 Rxe4 28. Bxe4
Nxc4 29. Kh2 Nxd2 30. Qxd2 Qb5 31. Rfe1 Re8 32. Bg2 Kd8 33. Rxe8+ Kxe8 34. Re1+
Kf8 35. f5 gxf5 36. g6 Qd7 37. gxf7 Kxf7 38. Qh6 Be5+ 39. Kh1 Qe7 40. Qh5+ Kg7
41. Qxf5 a5 42. Re4 Qf6 43. Qd7+ Kh6 44. Qxb7 Qg5 45. Qf7 1-0

[Event "CN Equipas 2019 - 1. div"]
[Site "Évora POR"]
[Date "2019.07.22"]
[Round "7.3.1"]
[White "Kadric, Denis"]
[Black "Fier, Alexandr"]
[Result "1/2-1/2"]
[WhiteElo "2562"]
[BlackElo "2547"]
[WhiteFideId "14403803"]
[BlackFideId "2107139"]
[WhiteTeam "Ax Gaia 'A'"]
[BlackTeam "Ax Portugal/Atlantidiagonal 'A'"]
[WhiteTitle "GM"]
[BlackTitle "GM"]
[PlyCount "43"]

1. e4 c5 2. Nc3 e6 3. Nf3 Nc6 4. d4 cxd4 5. Nxd4 a6 6. Be3 Nf6 7. Bd3 Qc7 8. Nb3
b5 9. f4 d6 10. O-O Be7 11. Qf3 Bb7 12. Qh3 e5 13. Nd5 Nxd5 14. exd5 Nb4 15.
fxe5 Nxd3 16. cxd3 dxe5 17. Rac1 Qd8 18. Qg3 O-O 19. Bh6 Qb6+ 20. Be3 Qd8 21.
Bh6 Qb6+ 22. Be3 1/2-1/2

[Event "CN Equipas 2019 - 1. div"]
[Site "Évora POR"]
[Date "2019.07.22"]
[Round "7.3.2"]
[White "Ibarra Jerez, José Carlos"]
[Black "Yankelevich, Lev"]
[Result "1/2-1/2"]
[WhiteElo "2547"]
[BlackElo "2481"]
[WhiteFideId "2226332"]
[BlackFideId "24684074"]
[WhiteTeam "Ax Portugal/Atlantidiagonal 'A'"]
[BlackTeam "Ax Gaia 'A'"]
[WhiteTitle "GM"]
[BlackTitle "IM"]
[PlyCount "57"]

1. Nf3 Nf6 2. b3 d5 3. Bb2 c5 4. e3 a6 5. g3 Nc6 6. Bg2 Bf5 7. O-O e6 8. d3 h6
9. Nbd2 Bh7 10. Ne5 Nxe5 11. Bxe5 Bd6 12. Bb2 e5 13. e4 d4 14. f4 Nd7 15. Qe2 b5
16. c3 O-O 17. Bh3 Kh8 18. Kh1 f6 19. Be6 dxc3 20. Bxc3 Qe7 21. Qg4 Nb6 22. a4
Rae8 23. f5 Na8 24. axb5 axb5 25. Bd5 Rb8 26. Ra2 Nb6 27. Be6 Ra8 28. Rfa1 Rxa2
29. Rxa2 1/2-1/2

[Event "CN Equipas 2019 - 1. div"]
[Site "Évora POR"]
[Date "2019.07.22"]
[Round "7.3.3"]
[White "Ftacnik, Lubomir"]
[Black "Spraggett, Kevin"]
[Result "1/2-1/2"]
[WhiteElo "2513"]
[BlackElo "2511"]
[WhiteFideId "14900017"]
[BlackFideId "2600013"]
[WhiteTeam "Ax Gaia 'A'"]
[BlackTeam "Ax Portugal/Atlantidiagonal 'A'"]
[WhiteTitle "GM"]
[BlackTitle "GM"]
[PlyCount "50"]

1. Nf3 Nf6 2. c4 c5 3. Nc3 e6 4. g3 a6 5. Bg2 d6 6. b3 Be7 7. O-O Qc7 8. Bb2 b6
9. d4 cxd4 10. Nxd4 Bb7 11. e4 Nbd7 12. Rc1 Rc8 13. g4 h6 14. h3 Qb8 15. f4 g5
16. Nd5 exd5 17. exd5 gxf4 18. Rxf4 Ne5 19. Nc6 Bxc6 20. dxc6 Rg8 21. Qf1 Rg6
22. Re1 Kf8 23. Rf5 Re8 24. Kh1 Bd8 25. Re2 Kg7 1/2-1/2

[Event "CN Equipas 2019 - 1. div"]
[Site "Évora POR"]
[Date "2019.07.22"]
[Round "7.3.4"]
[White "Fernandes, António"]
[Black "Sousa, André V"]
[Result "1/2-1/2"]
[WhiteElo "2376"]
[BlackElo "2362"]
[WhiteFideId "1900021"]
[BlackFideId "1917617"]
[WhiteTeam "Ax Portugal/Atlantidiagonal 'A'"]
[BlackTeam "Ax Gaia 'A'"]
[WhiteTitle "GM"]
[BlackTitle "IM"]
[PlyCount "26"]

1. d4 Nf6 2. g3 d5 3. Bg2 c5 4. Nf3 cxd4 5. O-O Bd7 6. Bf4 Nc6 7. Nxd4 Qb6 8.
Nxc6 Bxc6 9. Be5 e6 10. Qd4 Bc5 11. Qf4 O-O 12. Bxf6 gxf6 13. Nc3 f5 1/2-1/2

[Event "CN Equipas 2019 - 1. div"]
[Site "Évora POR"]
[Date "2019.07.22"]
[Round "7.4.1"]
[White "Brodowski, Piotr"]
[Black "Henderson De La Fuente, Lance"]
[Result "1/2-1/2"]
[WhiteElo "2437"]
[BlackElo "2471"]
[WhiteFideId "1124480"]
[BlackFideId "32096585"]
[WhiteTeam "Aa Coimbra 'A'"]
[BlackTeam "Ex Porto 'A'"]
[WhiteTitle "IM"]
[BlackTitle "IM"]
[PlyCount "155"]

1. c4 e6 2. Nf3 d5 3. e3 Nf6 4. Nc3 c6 5. b3 Nbd7 6. Bb2 Bd6 7. Qc2 O-O 8. Be2
a6 9. Rg1 b5 10. g4 Bb7 11. g5 Ne8 12. h4 Nc7 13. Bd3 g6 14. h5 Qe8 15. Ne2 e5
16. Nh2 d4 17. Be4 Ne6 18. Ng4 Nxg5 19. exd4 f5 20. Nh6+ Kg7 21. Nxf5+ Rxf5 22.
Bxf5 Nf3+ 23. Kf1 Nxg1 24. Bxd7 Qxd7 25. Nxg1 exd4 26. Bxd4+ Kf7 27. hxg6+ hxg6
28. c5 Bc7 29. Nf3 Qg4 30. Ke2 Re8+ 31. Be3 Bh2 32. Rh1 Rh8 33. Qe4 Qxe4 34.
Ng5+ Kg7 35. Nxe4 Be5 36. Rxh8 Kxh8 37. d4 Bc7 38. Kf3 Bc8 39. Bf4 Bd8 40. Nd6
Be6 41. Nb7 Be7 42. Bd6 Bg5 43. Bf4 Be7 44. Bc7 Kg8 45. Ke4 Kf7 46. Ke5 Bd5 47.
Bd8 Bf8 48. Bf6 Ke8 49. Bg5 Bg7+ 50. Kd6 Bxd4 51. f4 Bg7 52. Kc7 Bf8 53. Kb6 Kd7
54. Kxa6 Bg7 55. Kb6 b4 56. Nd6 Bc3 57. Bh4 Bd2 58. Bg5 Be3 59. Nb7 Bd2 60. Ka5
Be4 61. Nd6 Bb1 62. Nc4 Bc3 63. Kb6 Be4 64. Na5 Bd5 65. Bh4 Bd2 66. Bg3 Bc3 67.
Bh4 Bd2 68. Bg5 Be4 69. Nb7 Bc2 70. Ka5 Bb1 71. Kb6 Be4 72. Bh6 Bd5 73. Nd6 Be3
74. Bg5 Bd2 75. Ka5 Bc3 76. f5 gxf5 77. Nxf5 Be4 78. Ng3 1/2-1/2

[Event "CN Equipas 2019 - 1. div"]
[Site "Évora POR"]
[Date "2019.07.22"]
[Round "7.4.2"]
[White "Veiga, Francisco"]
[Black "Butkiewicz, Lukasz"]
[Result "0-1"]
[WhiteElo "2357"]
[BlackElo "2425"]
[WhiteFideId "1930087"]
[BlackFideId "1122428"]
[WhiteTeam "Ex Porto 'A'"]
[BlackTeam "Aa Coimbra 'A'"]
[WhiteTitle "FM"]
[BlackTitle "IM"]
[PlyCount "126"]

1. e4 c5 2. Nf3 Nc6 3. Bb5 g6 4. O-O Bg7 5. Bxc6 dxc6 6. h3 Nf6 7. d3 O-O 8.
Nbd2 b6 9. Nc4 Ba6 10. e5 Ne8 11. Qe2 Nc7 12. Qe4 Qd7 13. Qh4 Ne6 14. Bh6 Nd4
15. Nxd4 Qxd4 16. Qxd4 cxd4 17. Bg5 Rfe8 18. Rfe1 Bc8 19. Bd2 Be6 20. f4 c5 21.
a4 Rab8 22. Na3 a6 23. b4 cxb4 24. Bxb4 Bf8 25. Reb1 Rec8 26. a5 b5 27. Kf2 Bd5
28. g3 Rb7 29. Ke2 g5 30. Bd2 e6 31. Bb4 Rd7 32. Bxf8 Kxf8 33. Rb4 Ba8 34. Kd2
h6 35. h4 Kg7 36. fxg5 hxg5 37. hxg5 Rc5 38. Rf1 Rxe5 39. g6 fxg6 40. Rf4 Red5
41. Rb1 Rg5 42. Re1 e5 43. Rf2 Re7 44. Ref1 Rxg3 45. Rf6 Bb7 46. Rd6 e4 47. Rxd4
e3+ 48. Kc1 g5 49. Nb1 Rg2 50. Nc3 g4 51. Re1 Bf3 52. Ne4 Rc7 53. c3 Bxe4 54.
Rxe4 Rxc3+ 55. Kb1 Rxd3 56. R4xe3 Rxe3 57. Rxe3 Kf6 58. Rc3 g3 59. Rc6+ Kf5 60.
Rc5+ Kf4 61. Rc6 Rh2 62. Rg6 g2 63. Kb2 g1=Q+ 0-1

[Event "CN Equipas 2019 - 1. div"]
[Site "Évora POR"]
[Date "2019.07.22"]
[Round "7.4.3"]
[White "Hammes, Michael"]
[Black "Silva, Miguel"]
[Result "1/2-1/2"]
[WhiteElo "2340"]
[BlackElo "2250"]
[WhiteFideId "4619358"]
[BlackFideId "1911929"]
[WhiteTeam "Aa Coimbra 'A'"]
[BlackTeam "Ex Porto 'A'"]
[WhiteTitle "IM"]
[BlackTitle "NM"]
[PlyCount "24"]

1. d4 Nf6 2. c4 e6 3. Nf3 d5 4. Nc3 dxc4 5. e4 c5 6. d5 exd5 7. exd5 Bd6 8. Bxc4
O-O 9. O-O a6 10. a4 h6 11. h3 Bf5 12. b3 Nbd7 1/2-1/2

[Event "CN Equipas 2019 - 1. div"]
[Site "Évora POR"]
[Date "2019.07.22"]
[Round "7.4.4"]
[White "Paiva, Henrique"]
[Black "Luch, Michal"]
[Result "0-1"]
[WhiteElo "2122"]
[BlackElo "2380"]
[WhiteFideId "1920995"]
[BlackFideId "1120042"]
[WhiteTeam "Ex Porto 'A'"]
[BlackTeam "Aa Coimbra 'A'"]
[WhiteTitle "NM"]
[BlackTitle "IM"]
[PlyCount "78"]

1. e4 c5 2. Nf3 e6 3. b3 b6 4. Bb2 Bb7 5. Nc3 d6 6. Qe2 e5 7. g3 Ne7 8. Bg2 Nbc6
9. d3 g6 10. Nd5 Bg7 11. c4 O-O 12. h4 Nxd5 13. cxd5 Nd4 14. Nxd4 exd4 15. f4
Re8 16. O-O-O Bxd5 17. Qf2 Bc6 18. h5 a5 19. hxg6 fxg6 20. g4 Rf8 21. Qg3 g5 22.
fxg5 Qxg5+ 23. Kb1 Be5 24. Qh3 Ra7 25. Rdf1 Bf4 26. Qf3 Raf7 27. Rh5 Qg6 28. Rf5
Be3 29. Qg3 Bd7 30. Rxf7 Rxf7 31. Rxf7 Kxf7 32. Bh3 Ke7 33. Kc2 Qg5 34. Qg2 Qh4
35. Bc1 Qe1 36. Bxe3 dxe3 37. g5 e2 38. g6 Qd1+ 39. Kb2 Qd2+ 0-1